000 00845nam a22002417a 4500
003 BD-DhJNU
005 20251210072620.0
008 251210b |||||||| |||| 00| 0 eng d
020 _a9780470176573
040 _aBD-DhJNU
_bENG
_cBD-DhJNU
_dBD-DhJNU
082 _223
_a155.4 CHI
245 _aChild and adolescent development :
_ban advanced course /
_cedited by William Damon, Richard M. Lerner.
260 _aNew Jersey :
_bJohn Wiley & Sons,
_c2008.
300 _axv, 800p. :
_bill. ;
_c26 cm
504 _aIncludes bibliographical references and indexes
650 _aChild psychology
_vTextbooks
650 _aChild development
_vTextbooks
650 _aAdolescent psychology
_vTextbooks
650 _aAdolescence
_vTextbooks
700 _aDamon, William
_eeditor
700 _aLerner, Richard M.
_eeditor
942 _2ddc
_cBK
_n0
999 _c2412
_d2412